Instituciones parafiscales y desarrollo economico y social : (Registro nro. 7883)
[ vista simple ]
| 000 -LEADER | |
|---|---|
| fixed length control field | 02077nam a2200277Ia 4500 |
| 003 - CONTROL NUMBER IDENTIFIER | |
| control field | OSt |
| 005 - DATE AND TIME OF LATEST TRANSACTION | |
| control field | 20210514122127.0 |
| 008 - FIXED-LENGTH DATA ELEMENTS--GENERAL INFORMATION | |
| fixed length control field | 210310s2002 c ad gr 000 0ds d |
| 020 ## - INTERNATIONAL STANDARD BOOK NUMBER | |
| International Standard Book Number | 958916224x |
| 040 ## - CATALOGING SOURCE | |
| Original cataloging agency | CO-JMCR |
| Transcribing agency | CO-JMCR |
| 041 0# - LANGUAGE CODE | |
| Language code of text/sound track or separate title | spa |
| 082 04 - DEWEY DECIMAL CLASSIFICATION NUMBER | |
| Classification number | 336.2 / |
| Item number | R696i |
| Edition number | 23 |
| 100 1# - MAIN ENTRY--PERSONAL NAME | |
| Personal name | Rodríguez Vargas, Francisco, |
| 9 (RLIN) | 15717 |
| Relator term | autor |
| 245 10 - TITLE STATEMENT | |
| Title | Instituciones parafiscales y desarrollo economico y social : |
| Remainder of title | un análisis comparativo entre Colombia y Francia / |
| Statement of responsibility, etc. | Francisco Rodríguez Vargas |
| 250 ## - EDITION STATEMENT | |
| Edition statement | Primera edición |
| 260 ## - PUBLICATION, DISTRIBUTION, ETC. | |
| Place of publication, distribution, etc. | Bogotá : |
| Name of publisher, distributor, etc. | Academia Colombiana de Ciencias Económicas : Ecosocial, |
| Date of publication, distribution, etc. | 2002 |
| 300 ## - PHYSICAL DESCRIPTION | |
| Extent | ix, 224 páginas : |
| Other physical details | ilustraciones y gráficas a blanco y negro ; |
| Dimensions | 22 cm. |
| 490 0# - SERIES STATEMENT | |
| Series statement | Estímulos |
| 500 ## - GENERAL NOTE | |
| General note | Incluye notas a pie de página y datos biográficos del autor. |
| 504 ## - BIBLIOGRAPHY, ETC. NOTE | |
| Bibliography, etc. note | Bibliografía: páginas 215-224 |
| 505 0# - FORMATTED CONTENTS NOTE | |
| Formatted contents note | La sociedad civil y el estado -- La sociedad civil y sus organizaciones -- La economía social de mercado -- Corporativismo y neocorporativismo -- Las institucones parafiscales y la formación de la sociedad civil -- Las tasas parafiscales en Francia -- Las instutuciones parafiscales en Colombia -- Referecias a la parafiscalidad en América Latina |
| 520 3# - SUMMARY, ETC. | |
| Summary, etc. | Instituciones parafiscales y desarrollo económico y social- un análisis comparativo entre Colombia y Francia, es el resultado del trabajo permanente delñ autor sobre el tema de las asociaciones y la sociedad civil al cual ha dedicado sus esfuerzos que cristaalzaron en su tesis doctoral sustentada con máximos honores en 1995 en la Universid de Paris I Panthéon-Sorbonne. Este libro se deriva de este trabajo y avanza con un enfoque original en el propósito de contribuir al conocimiento de la teoría de la parafiscalidad como institución peculiar y método de intervención del Estado en la economía, que a su vez ha configurado organizaciones de la sociedad civil con importancia considerable para el desarrollo. |
| 650 14 - SUBJECT ADDED ENTRY--TOPICAL TERM | |
| Topical term or geographic name entry element | Impuestos |
| 9 (RLIN) | 15719 |
| Geographic subdivision | Colombia |
| 650 24 - SUBJECT ADDED ENTRY--TOPICAL TERM | |
| Topical term or geographic name entry element | Impuestos |
| Geographic subdivision | Francia |
| 9 (RLIN) | 37640 |
| 942 ## - ADDED ENTRY ELEMENTS (KOHA) | |
| Source of classification or shelving scheme | Dewey Decimal Classification |
| Koha item type | Books |
| Withdrawn status | Lost status | Source of classification or shelving scheme | Damaged status | Not for loan | Collection code | Home library | Current library | Date acquired | Source of acquisition | Total Checkouts | Full call number | Barcode | Date last seen | Date last checked out | Copy number | Koha item type |
|---|---|---|---|---|---|---|---|---|---|---|---|---|---|---|---|---|
| Dewey Decimal Classification | Non-fiction | Biblioteca Pública José María del Castillo y Rada | Biblioteca Pública José María del Castillo y Rada | 04/15/2018 | Donación | 1 | 336.2 / R696i | 430003798 | 05/16/2024 | 06/13/2023 | Ej.1 | Books |